Normal view MARC view

Entry Personal Name

Number of records used in: 1

001 - CONTROL NUMBER

  • control field: 248910

003 - CONTROL NUMBER IDENTIFIER

  • control field: OSt

005 - DATE AND TIME OF LATEST TRANSACTION

  • control field: 20251211163413.0

008 - FIXED-LENGTH DATA ELEMENTS

  • fixed length control field: 251211|| aca||aabn | a|a d

040 ## - CATALOGING SOURCE

  • Original cataloging agency: OSt
  • Transcribing agency: OSt

100 ## - HEADING--PERSONAL NAME

  • Personal name: AMBIKATANAYA DATTA
  • Dates associated with a name: ಅಂಬಿಕಾತನಯದತ್ತ

670 ## - SOURCE DATA FOUND

  • Source citation: Work cat.: (OSt)180120: AMBIKATANAYA DATTA ಅಂಬಿಕಾತನಯದತ್ತ, Olave namma baduku., 1982